[Event "Titled Tuesday intern op 11th Jul Early"]
[Site "Chess.com INT"]
[Date "2023.07.11"]
[Round "2"]
[White "Johnson, Ben"]
[Black "Itkis, Boris"]
[Result "0-1"]
[WhiteElo "1961"]
[BlackElo "2317"]
[PlyCount "58"]
[EventDate "2023.07.11"]
[EventType "swiss (blitz)"]
[EventRounds "11"]
[EventCountry "USA"]
[SourceTitle "EXT 2024"]
[Source "ChessBase"]
[SourceDate "2023.10.10"]
[SourceVersion "1"]
[SourceVersionDate "2023.10.10"]
[SourceQuality "1"]

1. Nf3 d5 2. e3 Nf6 3. c4 e6 4. b3 Be7 5. Bb2 0-0 6. Qc2 c5 7. cxd5 exd5 8. d4 Nc6 9. Be2 cxd4 10. Nxd4 Bb4+ 11. Kf1 Nxd4 12. Bxd4 Be6 13. a3 Rc8 14. Qb2 Be7 15. Nd2 Bf5 16. f3 Rc2 17. Qxc2 Bxc2 18. Rc1 Bg6 19. Kf2 Bxa3 20. Ra1 Bd6 21. Rxa7 Qe7 22. Nb1 Bc5 23. Bxc5 Qxc5 24. Rxb7 d4 25. Rd1 dxe3+ 26. Kg1 Qc2 27. Kf1 Ne4 28. fxe4 Bxe4 29. Re7 Bxg2+ 0-1

[Event "Titled Tuesday intern op 04th Jul Early"]
[Site "Chess.com INT"]
[Date "2023.07.04"]
[Round "3"]
[White "Itkis, Boris"]
[Black "Ho, In Hei Henry"]
[Result "1-0"]
[WhiteElo "2317"]
[BlackElo "1707"]
[PlyCount "79"]
[EventDate "2023.07.04"]
[EventType "swiss (blitz)"]
[EventRounds "11"]
[EventCountry "USA"]
[SourceTitle "EXT 2024"]
[Source "ChessBase"]
[SourceDate "2023.10.10"]
[SourceVersion "1"]
[SourceVersionDate "2023.10.10"]
[SourceQuality "1"]

1. c4 c5 2. Nf3 g6 3. d4 cxd4 4. Nxd4 Bg7 5. e4 Nc6 6. Nc2 d6 7. Be2 Nf6 8. Nc3 0-0 9. 0-0 b6 10. Be3 Bb7 11. f3 Rc8 12. Na3 Ne5 13. Qd2 a6 14. Rac1 Ned7 15. Rfd1 Qc7 16. Bd4 Rfd8 17. Nd5 Bxd5 18. cxd5 Qb7 19. b4 b5 20. Nc2 Nb6 21. Ne3 Nfd7 22. Bxg7 Kxg7 23. Qd4+ Kg8 24. f4 Rxc1 25. Rxc1 Rc8 26. Rxc8+ Qxc8 27. e5 Na4 28. e6 fxe6 29. dxe6 Nf6 30. f5 gxf5 31. Nxf5 Qxe6 32. Ne3 Qxa2 33. Bf3 Nc3 34. Qxc3 d5 35. Qc8+ Kf7 36. Qf5 Qd2 37. Nf1 Qd4+ 38. Kh1 Qa1 39. Bxd5+ Ke8 40. Qc8# 1-0

[Event "Titled Tuesday intern op 04th Jul Early"]
[Site "Chess.com INT"]
[Date "2023.07.04"]
[Round "7"]
[White "Itkis, Boris"]
[Black "Jaskolka, Tomasz"]
[Result "1-0"]
[WhiteElo "2317"]
[BlackElo "2238"]
[PlyCount "119"]
[EventDate "2023.07.04"]
[EventType "swiss (blitz)"]
[EventRounds "11"]
[EventCountry "USA"]
[SourceTitle "EXT 2024"]
[Source "ChessBase"]
[SourceDate "2023.10.10"]
[SourceVersion "1"]
[SourceVersionDate "2023.10.10"]
[SourceQuality "1"]

1. c4 c6 2. Nf3 d5 3. g3 Nf6 4. Bg2 Bg4 5. Ne5 Bf5 6. cxd5 cxd5 7. Qb3 Qc7 8. Nc3 e6 9. 0-0 Qxe5 10. Qxb7 Bc5 11. Qxa8 Qc7 12. d4 0-0 13. Bf4 Qd7 14. Bxb8 Bd6 15. Qxa7 Rxb8 16. Qxd7 Nxd7 17. b3 Ba3 18. e4 dxe4 19. Nxe4 Nb6 20. Rad1 Rd8 21. h3 h6 22. g4 Bg6 23. f4 Nd5 24. f5 exf5 25. gxf5 Bh5 26. Rde1 Bb4 27. Ng3 Bxe1 28. Rxe1 Nf4 29. Re4 Nxg2 30. Nxh5 g6 31. fxg6 f5 32. Re7 Rd6 33. Kxg2 Rxg6+ 34. Kf3 Rd6 35. Ke3 f4+ 36. Nxf4 h5 37. Re6 Rd7 38. a4 Rb7 39. a5 Rxb3+ 40. Ke4 Kf7 41. a6 Ra3 42. Rb6 h4 43. Rb7+ Kf6 44. a7 Ra5 45. Nd5+ Ke6 46. Nc7+ Kd6 47. a8Q Rxa8 48. Nxa8 Kc6 49. Rc7+ Kd6 50. Rc4 Ke6 51. d5+ Kd6 52. Rc6+ Kd7 53. Nb6+ Ke7 54. d6+ Ke6 55. d7+ Ke7 56. Rc8 Ke6 57. d8Q Kf7 58. Qd7+ Kf6 59. Rc6+ Kg5 60. Qg4# 1-0

[Event "Titled Tuesday intern op 04th Jul Early"]
[Site "Chess.com INT"]
[Date "2023.07.04"]
[Round "9"]
[White "Mamedov, Edgar"]
[Black "Itkis, Boris"]
[Result "1-0"]
[WhiteElo "2239"]
[BlackElo "2317"]
[PlyCount "29"]
[EventDate "2023.07.04"]
[EventType "swiss (blitz)"]
[EventRounds "11"]
[EventCountry "USA"]
[SourceTitle "EXT 2024"]
[Source "ChessBase"]
[SourceDate "2023.10.10"]
[SourceVersion "1"]
[SourceVersionDate "2023.10.10"]
[SourceQuality "1"]

1. d4 d5 2. Nf3 e6 3. c4 Nf6 4. Nc3 Be7 5. cxd5 exd5 6. Bf4 0-0 7. e3 b6 8. Bd3 c5 9. 0-0 Nc6 10. Ne5 Nxe5 11. dxe5 Nd7 12. Nxd5 Bb7 13. Be4 Rb8 14. e6 fxe6 15. Bxb8 1-0

[Event "Titled Tuesday intern op 04th Jul Early"]
[Site "Chess.com INT"]
[Date "2023.07.04"]
[Round "2"]
[White "Talibov, Shiroghlan"]
[Black "Itkis, Boris"]
[Result "1-0"]
[WhiteElo "2348"]
[BlackElo "2317"]
[PlyCount "69"]
[EventDate "2023.07.04"]
[EventType "swiss (blitz)"]
[EventRounds "11"]
[EventCountry "USA"]
[SourceTitle "EXT 2024"]
[Source "ChessBase"]
[SourceDate "2023.10.10"]
[SourceVersion "1"]
[SourceVersionDate "2023.10.10"]
[SourceQuality "1"]

1. d4 d5 2. Nf3 Nf6 3. c4 e6 4. Nc3 Be7 5. g3 0-0 6. Bg2 dxc4 7. Ne5 c5 8. d5 exd5 9. Nxd5 Nxd5 10. Qxd5 Nd7 11. Nxc4 Nb6 12. Nxb6 axb6 13. 0-0 Be6 14. Qxb7 Rxa2 15. Rxa2 Bxa2 16. Bf4 Bc4 17. Bf3 b5 18. Ra1 Bf6 19. Rb1 Ba2 20. Rc1 Bc4 21. b3 Bxb3 22. Rxc5 Bc4 23. Kg2 h6 24. h4 Re8 25. Rc7 Qd1 26. Rc8 Rxc8 27. Qxc8+ Kh7 28. Qf5+ Kg8 29. Be4 Bxe2 30. Qh7+ Kf8 31. Be3 Qd6 32. Qh8+ Ke7 33. Qc8 Qd7 34. Bc5+ Ke6 35. Bf5+ 1-0

[Event "Titled Tuesday intern op 27th Jun Early"]
[Site "Chess.com INT"]
[Date "2023.06.27"]
[Round "8"]
[White "Balint, Vilmos"]
[Black "Itkis, Boris"]
[Result "0-1"]
[WhiteElo "2169"]
[BlackElo "2330"]
[PlyCount "32"]
[EventDate "2023.06.27"]
[EventType "swiss (blitz)"]
[EventRounds "11"]
[EventCountry "USA"]
[SourceTitle "EXT 2024"]
[Source "ChessBase"]
[SourceDate "2023.10.10"]
[SourceVersion "1"]
[SourceVersionDate "2023.10.10"]
[SourceQuality "1"]

1. d4 d5 2. Nc3 Nf6 3. Bf4 c5 4. Nb5 Na6 5. e3 cxd4 6. exd4 Bg4 7. Nf3 e6 8. c3 Be7 9. Be2 0-0 10. 0-0 Qd7 11. Qa4 Bxf3 12. gxf3 Nb8 13. Qb3 Nc6 14. Kh1 a6 15. Na3 b5 16. Nc2 Na5 0-1

[Event "Titled Tuesday intern op 27th Jun Early"]
[Site "Chess.com INT"]
[Date "2023.06.27"]
[Round "5"]
[White "Ibadov, Dashgyn"]
[Black "Itkis, Boris"]
[Result "1-0"]
[WhiteElo "2391"]
[BlackElo "2330"]
[PlyCount "83"]
[EventDate "2023.06.27"]
[EventType "swiss (blitz)"]
[EventRounds "11"]
[EventCountry "USA"]
[SourceTitle "EXT 2024"]
[Source "ChessBase"]
[SourceDate "2023.10.10"]
[SourceVersion "1"]
[SourceVersionDate "2023.10.10"]
[SourceQuality "1"]

1. e4 e6 2. d4 d5 3. Nc3 Bb4 4. e5 c5 5. a3 Bxc3+ 6. bxc3 Ne7 7. h4 Qc7 8. h5 h6 9. Rb1 b6 10. Qg4 Rg8 11. Bd3 Nf5 12. Ne2 c4 13. Bxf5 exf5 14. Qf4 Be6 15. a4 Nc6 16. Ba3 0-0-0 17. Bd6 Qb7 18. Kd2 Qa6 19. Ra1 Na5 20. Rhg1 Nb7 21. Bb4 Na5 22. Qe3 Nc6 23. Rgb1 Rge8 24. Nf4 Qb7 25. a5 b5 26. a6 Qb6 27. Bc5 Qb8 28. Qg3 f6 29. exf6 gxf6 30. Re1 Bf7 31. Re3 Re4 32. Rxe4 dxe4 33. Qh4 Qe5 34. g3 Qxc5 35. Qxf6 b4 36. Qxf7 bxc3+ 37. Kc1 Qb6 38. Rb1 Nb4 39. Qb7+ Qxb7 40. axb7+ Kc7 41. Rxb4 Rxd4 42. b8Q+ 1-0

[Event "Titled Tuesday intern op 27th Jun Early"]
[Site "Chess.com INT"]
[Date "2023.06.27"]
[Round "4"]
[White "Mirzoev, Azer"]
[Black "Itkis, Boris"]
[Result "1-0"]
[WhiteElo "2416"]
[BlackElo "2330"]
[PlyCount "105"]
[EventDate "2023.06.27"]
[EventType "swiss (blitz)"]
[EventRounds "11"]
[EventCountry "USA"]
[SourceTitle "EXT 2024"]
[Source "ChessBase"]
[SourceDate "2023.10.10"]
[SourceVersion "1"]
[SourceVersionDate "2023.10.10"]
[SourceQuality "1"]

1. c4 c5 2. Nc3 Nc6 3. g3 g6 4. Bg2 Bg7 5. h4 h5 6. a3 d6 7. Rb1 Nh6 8. d3 Nf5 9. Nf3 Qd7 10. Nd5 b6 11. b4 Bb7 12. bxc5 dxc5 13. Bf4 0-0 14. 0-0 e6 15. Ne3 Nfd4 16. Nc2 Rad8 17. Bg5 Rc8 18. Nfxd4 Nxd4 19. Bxb7 Qxb7 20. Nxd4 cxd4 21. a4 Rc5 22. Rb5 a6 23. Rb2 b5 24. axb5 axb5 25. Qb3 Rfc8 26. Rfb1 Kh7 27. cxb5 Rc3 28. Qa4 Ra8 29. Qd1 f6 30. Bd2 Rc5 31. Qb3 Re5 32. Bf4 Rd5 33. b6 g5 34. hxg5 fxg5 35. Bc7 h4 36. Qd1 h3 37. f3 g4 38. Qf1 Bh6 39. Kh2 Rf8 40. Rc2 Rdf5 41. f4 e5 42. Bxe5 Rxe5 43. Rc7+ Re7 44. Rxb7 Rxb7 45. Qh1 Re7 46. Rb2 Rfe8 47. Qf1 Rb8 48. Qd1 Bf8 49. Qa4 Rbe8 50. Qa2 Rb7 51. Qd5 Rbe7 52. Qf5+ Kh6 53. Qxg4 1-0

[Event "Titled Tuesday intern op 20th Jun Late"]
[Site "Chess.com INT"]
[Date "2023.06.20"]
[Round "5"]
[White "Adewumi, Tanitoluwa"]
[Black "Itkis, Boris"]
[Result "1-0"]
[WhiteElo "2283"]
[BlackElo "2330"]
[PlyCount "29"]
[EventDate "2023.06.20"]
[EventType "swiss (blitz)"]
[EventRounds "11"]
[EventCountry "USA"]
[SourceTitle "EXT 2024"]
[Source "ChessBase"]
[SourceDate "2023.10.10"]
[SourceVersion "1"]
[SourceVersionDate "2023.10.10"]
[SourceQuality "1"]

1. e4 e6 2. d4 d5 3. exd5 exd5 4. Nf3 Nf6 5. Bd3 c5 6. c3 c4 7. Bc2 Bd6 8. 0-0 0-0 9. Bg5 Be6 10. Nbd2 Nbd7 11. Re1 h6 12. Bh4 b5 13. Ne5 Qc7 14. f4 Bg4 15. Nxg4 1-0

[Event "Titled Tuesday intern op 20th Jun Early"]
[Site "Chess.com INT"]
[Date "2023.06.20"]
[Round "8"]
[White "Arat, Ufuk Sezen"]
[Black "Itkis, Boris"]
[Result "0-1"]
[WhiteElo "2389"]
[BlackElo "2330"]
[PlyCount "72"]
[EventDate "2023.06.20"]
[EventType "swiss (blitz)"]
[EventRounds "11"]
[EventCountry "USA"]
[SourceTitle "EXT 2024"]
[Source "ChessBase"]
[SourceDate "2023.10.10"]
[SourceVersion "1"]
[SourceVersionDate "2023.10.10"]
[SourceQuality "1"]

1. e4 e6 2. d4 d5 3. Nc3 Bb4 4. exd5 exd5 5. Bd3 Nf6 6. a3 Bxc3+ 7. bxc3 0-0 8. Ne2 Bg4 9. f3 Bh5 10. 0-0 c5 11. dxc5 Nbd7 12. Be3 Re8 13. Qd2 Qc7 14. Nf4 Bg6 15. Bxg6 hxg6 16. Rfe1 Qc6 17. Rad1 Nxc5 18. Nxd5 Nxd5 19. Qxd5 Qxd5 20. Rxd5 Rac8 21. Kf2 Na4 22. Bd2 Rxe1 23. Kxe1 Nb6 24. Ra5 a6 25. Re5 Nc4 26. Re7 b5 27. Ra7 Re8+ 28. Kd1 Rd8 29. Rxa6 Rxd2+ 30. Kc1 Rxg2 31. Kb1 Rg1+ 32. Ka2 Rc1 33. Ra8+ Kh7 34. a4 Rxc2+ 35. Kb1 Rb2+ 36. Kc1 Ra2 0-1

[Event "Titled Tuesday intern op 20th Jun Early"]
[Site "Chess.com INT"]
[Date "2023.06.20"]
[Round "9"]
[White "Bodnaruk, Anastasia"]
[Black "Itkis, Boris"]
[Result "1-0"]
[WhiteElo "2356"]
[BlackElo "2330"]
[PlyCount "103"]
[EventDate "2023.06.20"]
[EventType "swiss (blitz)"]
[EventRounds "11"]
[EventCountry "USA"]
[SourceTitle "EXT 2024"]
[Source "ChessBase"]
[SourceDate "2023.10.10"]
[SourceVersion "1"]
[SourceVersionDate "2023.10.10"]
[SourceQuality "1"]

1. e4 e6 2. d4 d5 3. e5 c5 4. c3 Nc6 5. Nf3 Qb6 6. a3 c4 7. g3 Na5 8. Nbd2 Bd7 9. h4 h6 10. Bh3 0-0-0 11. 0-0 Kb8 12. h5 Ne7 13. Nh4 Nc8 14. f4 Be7 15. Ng2 g6 16. Rb1 Qc7 17. Nf3 Nb6 18. Be3 Rdg8 19. hxg6 fxg6 20. g4 h5 21. Ng5 Bxg5 22. fxg5 hxg4 23. Bxg4 Rg7 24. Rf6 Qc8 25. Qf3 Nc6 26. Nf4 Re8 27. Nxg6 Qd8 28. Nh4 Ne7 29. Rf1 Ng8 30. Rf8 Na4 31. Bc1 Ne7 32. Rxe8 Qxe8 33. Qf8 Qxf8 34. Rxf8+ Kc7 35. Kf2 a5 36. Rf6 b5 37. Bxe6 Bxe6 38. Rxe6 b4 39. axb4 axb4 40. Ra6 Nb6 41. cxb4 Nc6 42. g6 Kb7 43. Ra1 Nxb4 44. Bh6 Rg8 45. g7 Nc2 46. Rd1 Nc8 47. Nf5 Nb4 48. e6 Nd3+ 49. Ke3 Kc6 50. Bf4 Nxf4 51. Kxf4 Re8 52. Rh1 1-0

[Event "Titled Tuesday intern op 20th Jun Late"]
[Site "Chess.com INT"]
[Date "2023.06.20"]
[Round "6"]
[White "Itkis, Boris"]
[Black "Calhoun, Luke"]
[Result "1-0"]
[WhiteElo "2330"]
[BlackElo "1957"]
[PlyCount "67"]
[EventDate "2023.06.20"]
[EventType "swiss (blitz)"]
[EventRounds "11"]
[EventCountry "USA"]
[SourceTitle "EXT 2024"]
[Source "ChessBase"]
[SourceDate "2023.10.10"]
[SourceVersion "1"]
[SourceVersionDate "2023.10.10"]
[SourceQuality "1"]

1. c4 e6 2. Nf3 d5 3. e3 Nf6 4. b3 Be7 5. Bb2 0-0 6. g3 c5 7. Bg2 b6 8. 0-0 Bb7 9. Nc3 dxc4 10. bxc4 Nc6 11. Qe2 e5 12. Nxe5 Nxe5 13. Bxb7 Rb8 14. Bg2 Nd3 15. Rab1 Nxb2 16. Rxb2 Qd7 17. Nd5 Nxd5 18. Bxd5 Bf6 19. Rbb1 Rfe8 20. f4 Rbd8 21. g4 g6 22. g5 Bg7 23. h4 Qa4 24. f5 Rd7 25. Rf3 Qxa2 26. Rbf1 gxf5 27. Rxf5 Ree7 28. Qf2 Qc2 29. Bxf7+ Kh8 30. Bd5 Rd8 31. h5 Bb2 32. Rf8+ Kg7 33. Qf7+ Rxf7 34. R1xf7# 1-0

[Event "Titled Tuesday intern op 20th Jun Early"]
[Site "Chess.com INT"]
[Date "2023.06.20"]
[Round "7"]
[White "Itkis, Boris"]
[Black "Garcia Blanco, Omar"]
[Result "0-1"]
[WhiteElo "2330"]
[BlackElo "2416"]
[PlyCount "86"]
[EventDate "2023.06.20"]
[EventType "swiss (blitz)"]
[EventRounds "11"]
[EventCountry "USA"]
[SourceTitle "EXT 2024"]
[Source "ChessBase"]
[SourceDate "2023.10.10"]
[SourceVersion "1"]
[SourceVersionDate "2023.10.10"]
[SourceQuality "1"]

1. c4 e6 2. Nf3 d5 3. e3 Nf6 4. b3 Bd6 5. Bb2 0-0 6. g3 b6 7. Bg2 Bb7 8. 0-0 Nbd7 9. d3 c6 10. Nbd2 a5 11. e4 dxe4 12. dxe4 e5 13. Nh4 g6 14. Qc2 Qe7 15. Rad1 Nc5 16. Rfe1 Ne6 17. Nhf3 Nd7 18. Nf1 Rfd8 19. Ne3 f6 20. Bh3 Ndf8 21. Kg2 Bc5 22. Ng4 h5 23. Nxf6+ Qxf6 24. Nxe5 Bd4 25. f4 c5 26. Kh1 g5 27. Bxd4 Nxd4 28. Qf2 Re8 29. Kg1 Rad8 30. Bg2 Nfe6 31. Nd3 gxf4 32. gxf4 Rf8 33. e5 Qg6 34. Re3 Kh7 35. Rg3 Qf7 36. Bxb7 Qxb7 37. Qf1 Qf7 38. Qh3 Rg8 39. Kf2 Nf5 40. Rdg1 Nxg3 41. hxg3 Rxd3 42. Ke2 Nxf4+ 43. gxf4 Rxh3 0-1

[Event "Titled Tuesday intern op 20th Jun Late"]
[Site "Chess.com INT"]
[Date "2023.06.20"]
[Round "7"]
[White "Itkis, Boris"]
[Black "Martin Fuentes, Alberto"]
[Result "0-1"]
[WhiteElo "2330"]
[BlackElo "2388"]
[PlyCount "102"]
[EventDate "2023.06.20"]
[EventType "swiss (blitz)"]
[EventRounds "11"]
[EventCountry "USA"]
[SourceTitle "EXT 2024"]
[Source "ChessBase"]
[SourceDate "2023.10.10"]
[SourceVersion "1"]
[SourceVersionDate "2023.10.10"]
[SourceQuality "1"]

1. c4 Nf6 2. Nf3 c5 3. Nc3 Nc6 4. e3 g6 5. d4 cxd4 6. exd4 d5 7. cxd5 Nxd5 8. Qb3 e6 9. Nxd5 Qxd5 10. Qxd5 exd5 11. Bb5 Bd7 12. 0-0 f6 13. Bf4 a6 14. Ba4 Kf7 15. Bb3 Be6 16. Rfe1 Bb4 17. Re2 Rhe8 18. a3 Ba5 19. Kf1 Rad8 20. Rd1 Bb6 21. h3 Ba7 22. g4 Na5 23. Ba2 Nc4 24. Rde1 Bd7 25. Nd2 b5 26. Rxe8 Bxe8 27. Nb3 Nxb2 28. Nc5 Bxc5 29. dxc5 Nd3 30. Bd6 Nxe1 31. Bxd5+ Kg7 32. Kxe1 Bf7 33. Bb7 a5 34. Kf1 b4 35. axb4 axb4 36. c6 Rxd6 37. c7 Rd1+ 38. Ke2 Rc1 39. c8Q Rxc8 40. Bxc8 g5 41. Kd3 Kf8 42. Bf5 h6 43. Kd4 Ke7 44. Bb1 Kd6 45. Bd3 Bd5 46. Bf5 b3 47. Bb1 Bg2 48. Bf5 Bxh3 49. Kc3 Ke5 50. Kxb3 Kf4 51. Kc4 Bxg4 0-1

[Event "Titled Tuesday intern op 20th Jun Early"]
[Site "Chess.com INT"]
[Date "2023.06.20"]
[Round "11"]
[White "Itkis, Boris"]
[Black "Pastar, Slaven"]
[Result "1/2-1/2"]
[WhiteElo "2330"]
[BlackElo "2373"]
[PlyCount "117"]
[EventDate "2023.06.20"]
[EventType "swiss (blitz)"]
[EventRounds "11"]
[EventCountry "USA"]
[SourceTitle "EXT 2024"]
[Source "ChessBase"]
[SourceDate "2023.10.10"]
[SourceVersion "1"]
[SourceVersionDate "2023.10.10"]
[SourceQuality "1"]

1. c4 b6 2. Nf3 Bb7 3. g3 Nf6 4. Bg2 g6 5. 0-0 Bg7 6. b3 Ne4 7. d4 c5 8. Bb2 Nc6 9. e3 0-0 10. Nbd2 Nxd2 11. Qxd2 cxd4 12. Nxd4 Rc8 13. Rfd1 d6 14. a4 a6 15. a5 Nxa5 16. Bxb7 Nxb7 17. Rxa6 Nc5 18. Ra7 e5 19. Nb5 Nxb3 20. Qb4 Na5 21. Rxd6 Rxc4 22. Qd2 Qc8 23. Rxb6 Rc2 24. Qxa5 Rxb2 25. Nd6 Qc1+ 26. Kg2 Re2 27. Rxf7 Rxf7 28. Rb8+ Bf8 29. Nxf7 Qxe3 30. Nh6+ Kg7 31. Ng4 Qe4+ 32. Kh3 Qf5 33. Qc7+ Kg8 34. Qc4+ Qf7 35. Qxe2 h5 36. Nxe5 Qf6 37. Qa2+ Kg7 38. Qa7+ Kh6 39. Qf7 Qxe5 40. Qf4+ Qxf4 41. gxf4 Bd6 42. Rb6 Bxf4 43. f3 Kg5 44. Rc6 Kh6 45. Kg2 Kg5 46. h3 Kh6 47. Kf2 Kg5 48. Ke2 Kh4 49. Rxg6 Kxh3 50. Kd3 h4 51. Ke4 Bg3 52. f4 Kg2 53. f5 h3 54. f6 h2 55. Rh6 h1Q 56. Rxh1 Kxh1 57. f7 Bd6 58. Kd5 Bf8 59. Ke6 1/2-1/2

[Event "Titled Tuesday intern op 20th Jun Late"]
[Site "Chess.com INT"]
[Date "2023.06.20"]
[Round "4"]
[White "Itkis, Boris"]
[Black "Principe, Gerson"]
[Result "0-1"]
[WhiteElo "2330"]
[BlackElo "2213"]
[PlyCount "170"]
[EventDate "2023.06.20"]
[EventType "swiss (blitz)"]
[EventRounds "11"]
[EventCountry "USA"]
[SourceTitle "EXT 2024"]
[Source "ChessBase"]
[SourceDate "2023.10.10"]
[SourceVersion "1"]
[SourceVersionDate "2023.10.10"]
[SourceQuality "1"]

1. c4 e6 2. Nf3 d5 3. e3 Nf6 4. b3 Be7 5. Bb2 0-0 6. g3 b6 7. Bg2 Bb7 8. 0-0 dxc4 9. bxc4 c5 10. Qe2 Nc6 11. Ne1 Qd7 12. Nc3 Rfd8 13. d3 Ne5 14. Bxb7 Qxb7 15. f4 Nc6 16. g4 Qd7 17. g5 Ne8 18. Rf3 f5 19. gxf6 Bxf6 20. Ne4 Bxb2 21. Qxb2 Nd6 22. Nxd6 Qxd6 23. Rg3 Rd7 24. Rd1 e5 25. Ng2 Rf8 26. Kh1 Qe6 27. fxe5 Qxe5 28. Qxe5 Nxe5 29. Nf4 Nxc4 30. Rdg1 Nd6 31. Ne6 Rff7 32. e4 Rde7 33. Nd8 Rf2 34. Nc6 Rc7 35. Nd8 Re7 36. Nc6 Ref7 37. Nd8 Rd7 38. Ne6 g6 39. h4 Rf6 40. Ng5 Nf7 41. Nh3 Kf8 42. h5 gxh5 43. Rg8+ Ke7 44. R8g7 Rxd3 45. e5 Rxh3+ 46. Kg2 Rhf3 47. exf6+ Rxf6 48. Re1+ Kd6 49. Rxh7 Ne5 50. Rxa7 Nd3 51. Rd1 c4 52. Ra4 Kc5 53. Ra8 b5 54. Rc8+ Kd4 55. Rd8+ Kc3 56. Rd5 Rf2+ 57. Kg3 Rb2 58. Rxh5 b4 59. Rh4 Rxa2 60. Kf3 Rc2 61. Ke3 b3 62. Rg1 b2 63. Rgg4 Kb3 64. Rg8 b1Q 65. Rb8+ Nb4 66. Rh3 Qe1+ 67. Kd4+ c3 68. Rh5 Qg1+ 69. Ke5 Re2+ 70. Kd6 Qd4+ 71. Kc7 Qf4+ 72. Kb6 Qxb8+ 73. Ka5 Qa7+ 74. Kb5 Qa6+ 75. Kc5 Qc6+ 76. Kd4 Rd2+ 77. Ke3 Qd6 78. Rh4 Qd3+ 79. Kf4 Rf2+ 80. Kg5 Qg3+ 81. Kh5 Rf5+ 82. Kh6 Qxh4+ 83. Kg7 Qf6+ 84. Kg8 Rg5+ 85. Kh7 Qg7# 0-1

[Event "Titled Tuesday intern op 20th Jun Early"]
[Site "Chess.com INT"]
[Date "2023.06.20"]
[Round "1"]
[White "Priasmoro, Novendra"]
[Black "Itkis, Boris"]
[Result "1-0"]
[WhiteElo "2490"]
[BlackElo "2330"]
[PlyCount "43"]
[EventDate "2023.06.20"]
[EventType "swiss (blitz)"]
[EventRounds "11"]
[EventCountry "USA"]
[SourceTitle "EXT 2024"]
[Source "ChessBase"]
[SourceDate "2023.10.10"]
[SourceVersion "1"]
[SourceVersionDate "2023.10.10"]
[SourceQuality "1"]

1. e4 e6 2. d4 d5 3. Nc3 Bb4 4. e5 c5 5. Bd2 Ne7 6. Nb5 Bxd2+ 7. Qxd2 0-0 8. f4 cxd4 9. Nf3 Nbc6 10. 0-0-0 Bd7 11. Bd3 Rc8 12. Nd6 Rc7 13. Kb1 a6 14. g4 f6 15. Qf2 Ng6 16. Qg3 fxe5 17. Bxg6 hxg6 18. fxe5 Rxf3 19. Qxf3 Nxe5 20. Qf4 Qf6 21. Qxd4 Rc4 22. Nxc4 1-0